| 000 | 00538nam a22001931c 4500 | ||
|---|---|---|---|
| 001 | 165642777 | ||
| 008 | 170516s1984 gw a||| 000u ger d | ||
| 041 | _ager | ||
| 100 | 1 | _aHeitzer, Heinz | |
| 245 | 0 | 0 |
_aDDR : _bgeschichtlicher Überblick / _cHeinz Heitzer |
| 250 | _a2., überarb. und erg. Aufl. | ||
| 264 |
_aBerlin : _bDietz-Verl., _c1984 |
||
| 300 | _a319 S : 150 Ill., graph. Darst., Kt. | ||
| 651 | 0 | _aDeutschland (DDR) | |
| 942 | _cMG | ||
| 040 | _cRU-10907106 | ||
| 003 | RU-10907106 | ||
| 999 |
_c35419 _d35419 |
||
| 490 | 0 | _aSchriftenreihe Geschichte | |